000 00317nam a2200145Ia 4500
100 _aKrumm / rob
942 _cBK
654 _aComputer
245 _aMaking Windows application Work together
260 _bB.P.B.
_aNew Delhi
_c1994
082 _a005.13 'W'
300 _a557
546 _aENGLISH
999 _c30749
_d30749